| 000 | 00464nam a2200169Ia 4500 | ||
|---|---|---|---|
| 008 | 230917s9999||||xx |||||||||||||| ||und|| | ||
| 020 | _cRS 325.00 | ||
| 040 |
_e5001830 _aMAIN |
||
| 041 | _aEnglish | ||
| 082 | _a615.532 R18B | ||
| 100 | _aRao, G Nageswara | ||
| 245 | 0 | _aBiostatistics and research methodology | |
| 260 |
_aHyderabad _bPharmaMed Press _c2018 |
||
| 300 | _axii, 272 p. | ||
| 500 | _a4318 06/01/2022 PBA22/445 13/01/2022 Main Budget | ||
| 942 | _cBK | ||
| 999 |
_c4193 _d4193 |
||